La estructura de capital de las pequeñas y medianas empresas argentinas (Registro nro. 23002)

Detalles MARC
000 -LEADER
fixed length control field 00393 a2200121 4500
001 - CONTROL NUMBER
control field ART_5912
005 - DATE AND TIME OF LATEST TRANSACTION
control field 20260410161828.0
008 - FIXED-LENGTH DATA ELEMENTS--GENERAL INFORMATION
fixed length control field 260409a
100 1# - MAIN ENTRY--PERSONAL NAME
Personal name Vigier, Hernán
245 10 - TITLE STATEMENT
Title La estructura de capital de las pequeñas y medianas empresas argentinas
700 1# - ADDED ENTRY--PERSONAL NAME
Personal name Briozzo, Anahí
773 0# - HOST ITEM ENTRY
Title Estudios Económicos
Related parts - Vol. 26, Nº 53 (jul./dic. 2009)
Record control number REV5080

No hay ítems disponibles.